[Event "Bundesliga 2008-9"]
[Site "Kreuzberg GER"]
[Date "2008.10.26"]
[Round "4"]
[White "Miezis,N"]
[Black "Uhlmann,W"]
[Result "1/2-1/2"]
[WhiteElo "2552"]
[BlackElo "2417"]
[EventDate "2008.10.03"]

1. c4 g6 2. Nc3 Bg7 3. g3 e5 4. Bg2 d6 5. d3 f5 6. e4 Nf6 7. Nge2 O-O 8.
O-O Nc6 9. h3 Nd4 10. Nxd4 exd4 11. Ne2 c5 12. exf5 Bxf5 13. Nf4 Rb8 14.
Re1 Re8 15. g4 Rxe1+ 16. Qxe1 Bd7 17. g5 Ne8 18. h4 Nc7 19. Bd2 Bf5 20. b4
Qd7 21. b5 Be5 22. Qf1 Rf8 23. Re1 Kh8 24. a4 Bg4 25. Nd5 Nxd5 26. Bxd5 Bf3
27. Bxf3 Rxf3 28. Re4 Qf5 29. Qe2 Kg8 30. a5 Kf7 31. Be1 Ke6 32. a6 bxa6
33. bxa6 Kf7 34. Qb2 Qh3 35. Qb7+ Kg8 36. Qd5+ Rf7 37. f4 Qg4+ 38. Kh1 Bxf4
39. Re8+ Kg7 40. Qg2 Qf5 41. Qf3 Qd7 42. Rb8 Qe6 43. Bf2 Bxg5 44. Rb7 Be7
45. Qg2 Bd8 46. Bg3 Bb6 47. Kh2 h5 48. Qf3 Bc7 49. Qg2 Bb6 50. Qf3 Bc7 51.
Qg2 1/2-1/2

[Event "Bundesliga 2008-9"]
[Site "Kreuzberg GER"]
[Date "2008.10.26"]
[Round "4"]
[White "Roos,M GER"]
[Black "Polzin,R"]
[Result "1-0"]
[WhiteElo "2367"]
[BlackElo "2500"]
[EventDate "2008.10.03"]

1. d4 Nf6 2. c4 g6 3. Nc3 Bg7 4. e4 d6 5. Bd3 O-O 6. Nge2 Nc6 7. O-O Nh5 8.
Bc2 e5 9. d5 Ne7 10. Kh1 f5 11. exf5 Nxf5 12. Ne4 Nf6 13. Bg5 Rf7 14. N2c3
h6 15. Bd2 Nd4 16. Nxf6+ Qxf6 17. Be4 Bf5 18. Be3 a6 19. Qd3 Raf8 20. b4
Qh4 21. f3 b5 22. Bf2 Qf4 23. Rae1 Rb8 24. cxb5 Nxb5 25. Nxb5 Rxb5 26. a3
Rf8 27. Be3 Qh4 28. Bd2 Rf7 29. Kg1 Rb6 30. Rc1 Rb8 31. Rc4 Qd8 32. Rfc1
Ra8 33. Qc2 Ra7 34. Be3 Rb7 35. Qa4 Qa8 36. Qc2 a5 37. Qa4 Bxe4 38. fxe4
Rb8 39. Qxa5 Qxa5 40. bxa5 Ra8 41. Ra4 h5 42. a6 Kh7 43. Rf1 Rd7 44. Kh1
Bh6 45. Bg1 c5 46. dxc6 Rc7 47. a7 Rxc6 48. Rb1 Bd2 49. g3 Rcc8 50. Ra6 Rd8
51. Rb7+ Kh6 52. Rc6 h4 53. Kg2 hxg3 54. hxg3 Kg5 55. Rc2 Ba5 56. Be3+ Kg4
57. Rg7 Rg8 58. Rxg8 Rxg8 59. Rc6 Be1 60. Ra6 Ra8 61. Rxd6 1-0

[Event "Bundesliga 2008-9"]
[Site "Kreuzberg GER"]
[Date "2008.10.26"]
[Round "4"]
[White "Lauber,A"]
[Black "Gauglitz,G"]
[Result "1-0"]
[WhiteElo "2497"]
[BlackElo "2397"]
[EventDate "2008.10.03"]

1. d4 Nf6 2. c4 g6 3. Nf3 Bg7 4. g3 O-O 5. Bg2 c6 6. O-O d5 7. Qb3 dxc4 8.
Qxc4 Be6 9. Qb4 b5 10. Rd1 a5 11. Qe1 Ra7 12. h3 Qc8 13. Kh2 b4 14. e4 Rd8
15. Bf4 h6 16. Nbd2 g5 17. Be3 g4 18. d5 cxd5 19. Bxa7 gxf3 20. Bxf3 Nc6
21. Bb6 Re8 22. exd5 Bxd5 23. Be3 Ne5 24. Bxd5 Nxd5 25. Qe2 Rd8 26. Nc4 Qa6
27. Nb6 Qxe2 28. Rd2 Nf3+ 29. Kg2 Nxd2 30. Bd4 a4 31. b3 axb3 32. axb3 f5
33. Bc5 1-0

[Event "Bundesliga 2008-9"]
[Site "Kreuzberg GER"]
[Date "2008.10.26"]
[Round "4"]
[White "Hoffmann,Pau"]
[Black "Schneider,Il"]
[Result "1/2-1/2"]
[WhiteElo "2338"]
[BlackElo "2486"]
[EventDate "2008.10.03"]

1. e4 Nc6 2. Nf3 f5 3. exf5 d5 4. Bb5 Bxf5 5. Ne5 a6 6. Bxc6+ bxc6 7. Qf3
e6 8. d4 Qh4 9. g4 Bg6 10. Qc3 c5 11. Bf4 Nf6 12. Bg3 Qh3 13. Nd2 Bd6 14.
O-O-O Bxe5 15. dxe5 Nd7 16. f3 O-O 17. Qa5 Ra7 18. Qa4 Be8 19. Qc6 Qh6 20.
f4 Nxe5 21. Qxc5 Nc6 22. Rhe1 Rb7 23. Nf3 Qf6 24. Ne5 Nxe5 25. Rxe5 Bf7 26.
Qf2 Rfb8 27. Bh4 Qg6 28. b3 Rb4 29. Rg1 Re4 30. Qa7 Re8 31. Qxc7 Rxf4 32.
Qc3 Rxg4 33. Bg3 Qf6 34. Kb1 Bg6 35. Rge1 Re4 36. R1xe4 Bxe4 37. Qc6 Kf7
38. Qxa6 h5 39. h4 Qf3 40. Qa7+ Re7 41. Qf2 Qxf2 42. Bxf2 Rc7 43. Bd4 g5
44. Rxg5 Rxc2 45. Ka1 Rd2 46. Rg7+ Kf8 47. Bf6 d4 48. Rc7 d3 49. Rc1 Kf7
50. Bg5 Rg2 51. Re1 Bg6 52. a4 d2 53. Rd1 Bc2 54. Rxd2 1/2-1/2

[Event "Bundesliga 2008-9"]
[Site "Kreuzberg GER"]
[Date "2008.10.26"]
[Round "4"]
[White "Degtiarev,E"]
[Black "Eichner,S"]
[Result "1-0"]
[WhiteElo "2388"]
[BlackElo "2326"]
[EventDate "2008.10.03"]

1. d4 d5 2. Nf3 Nf6 3. c4 c6 4. Nc3 dxc4 5. a4 Bf5 6. Ne5 Nbd7 7. Nxc4 Qc7
8. Qd2 Nb6 9. Ne5 e6 10. f3 Nfd7 11. Nxd7 Nxd7 12. e4 Bg6 13. Qf2 e5 14.
Be3 exd4 15. Bxd4 Bd6 16. Bxg7 Rg8 17. Bh6 f5 18. exf5 Bxf5 19. Qe3+ Ne5
20. g4 Bg6 21. Bg5 Kd7 22. O-O-O Rae8 23. Qxa7 Nxf3 24. Bf4 Ne5 25. Qd4 Ke7
26. Re1 Kf7 27. Bxe5 Bxe5 28. Bc4+ Kg7 29. Rxe5 Qxe5 30. Qxe5+ Rxe5 31.
Bxg8 Kxg8 32. Rd1 Re7 33. Rd8+ Kf7 34. h4 Kf6 35. Kd2 h5 36. gxh5 Bxh5 37.
Rh8 Bg6 38. a5 Rd7+ 39. Kc1 Rd4 40. Rb8 Rxh4 41. Rxb7 Ke5 42. b3 Rh3 43.
Na4 Be4 44. Kb2 Bd5 45. a6 c5 46. Rb5 Kd6 47. a7 Rh7 48. Nb6 Rh2+ 49. Ka3
Rh7 50. Ra5 Be4 51. a8=Q Bxa8 52. Rxa8 Kc6 53. Nc4 Rh6 54. Ka4 Rh1 55. Ra6+
Kd5 56. Rd6+ Ke4 57. Kb5 Rh3 58. Kxc5 Rxb3 59. Nd2+ 1-0

[Event "Bundesliga 2008-9"]
[Site "Kreuzberg GER"]
[Date "2008.10.26"]
[Round "4"]
[White "Loxine,J"]
[Black "Thiede,L"]
[Result "1/2-1/2"]
[WhiteElo "2338"]
[BlackElo "2464"]
[EventDate "2008.10.03"]

1. d4 Nf6 2. c4 g6 3. Nc3 Bg7 4. e4 d6 5. f4 O-O 6. Nf3 c5 7. dxc5 Qa5 8.
Bd3 Qxc5 9. Qe2 Bg4 10. Be3 Qc8 11. O-O Nc6 12. Rac1 Kh8 13. Nd5 Bxf3 14.
gxf3 Qh3 15. Qg2 Qxg2+ 16. Kxg2 Nh5 17. Kf2 e6 18. Nc3 f5 19. exf5 gxf5 20.
Rfd1 Rfd8 21. Bb1 Rd7 22. Rd2 Rad8 23. Rcd1 b6 24. Bc2 Na5 25. Ba4 Nxc4 26.
Bxd7 Rxd7 27. Rc2 Nxe3 28. Kxe3 Bh6 29. Ne2 Nxf4 30. Nxf4 e5 31. Rg1 Bxf4+
32. Kd3 h6 33. Rc8+ Kh7 34. Rg2 d5 35. Rf8 e4+ 36. fxe4 fxe4+ 37. Kd4 Bd6
38. Re8 Bc5+ 39. Ke5 e3 40. Ke6 Rd6+ 41. Kf7 Rd7+ 42. Ke6 Rd6+ 1/2-1/2

[Event "Bundesliga 2008-9"]
[Site "Kreuzberg GER"]
[Date "2008.10.26"]
[Round "4"]
[White "Abel,D"]
[Black "Wegener,D1"]
[Result "1/2-1/2"]
[WhiteElo "2328"]
[BlackElo "2353"]
[EventDate "2008.10.03"]

1. e4 e6 2. d4 d5 3. Nc3 Bb4 4. e5 c5 5. Bd2 Ne7 6. Nb5 Bxd2+ 7. Qxd2 O-O
8. f4 cxd4 9. Nf3 Nbc6 10. O-O-O Qa5 11. Qxa5 Nxa5 12. Nbxd4 Bd7 13. Bd3
Nac6 14. Rhe1 Nxd4 15. Nxd4 Nc6 16. Nf3 a6 17. b3 Na7 18. Nd4 Nc6 19. Nf3
Na7 20. Kb2 Rac8 21. Nd4 Nc6 22. Nxc6 Rxc6 23. c4 dxc4 24. Bxc4 Rc7 25. Rd6
Bc6 26. g3 Re8 27. Rc1 Bf3 28. Rc3 Be4 29. Rd4 Bg2 30. Bd3 Rxc3 31. Kxc3
Kf8 32. a4 Ke7 33. a5 g6 34. Kb4 Bd5 35. Bc4 Bf3 36. Rd3 Be4 37. Rd6 Rc8
38. g4 Bf3 39. g5 Be4 40. Rd4 Bg2 41. Rd6 Rd8 42. Rxd8 Kxd8 43. Kc5 Kc7 44.
Be2 Bc6 45. h4 Bd7 46. Bf3 Bb5 47. h5 Bd3 48. h6 Bc2 49. Kc4 Bb1 50. Kc5
Bc2 51. Kc4 Bb1 52. b4 Bc2 53. b5 axb5+ 54. Kxb5 Bb3 55. Be4 Bd1 56. Kb4
Be2 57. Kc5 Bd1 58. Bd3 Ba4 59. Bc4 Bd7 60. Bb3 Bc8 61. Bd1 Bd7 62. Bf3 Ba4
63. Bg2 Bc2 64. Bf3 1/2-1/2

[Event "Bundesliga 2008-9"]
[Site "Kreuzberg GER"]
[Date "2008.10.26"]
[Round "4"]
[White "Sargissian,G"]
[Black "Gustafsson,J"]
[Result "1-0"]
[WhiteElo "2642"]
[BlackElo "2634"]
[EventDate "2008.10.03"]

1. d4 d5 2. c4 c6 3. Nc3 Nf6 4. e3 e6 5. Nf3 Nbd7 6. Bd3 dxc4 7. Bxc4 b5 8.
Bd3 Bb7 9. O-O a6 10. e4 c5 11. d5 Qc7 12. dxe6 fxe6 13. Bc2 c4 14. Ng5 Nc5
15. Be3 h6 16. Nxe6 Nxe6 17. e5 Qxe5 18. Bg6+ Ke7 19. Re1 Qd6 20. Bd4 Rd8
21. Qe2 Qc6 22. Bxf6+ Kxf6 23. Be4 Nd4 24. Qg4 1-0

[Event "Bundesliga 2008-9"]
[Site "Kreuzberg GER"]
[Date "2008.10.26"]
[Round "4"]
[White "Baramidze,D"]
[Black "Socko,B"]
[Result "0-1"]
[WhiteElo "2557"]
[BlackElo "2631"]
[EventDate "2008.10.03"]

1. e4 e6 2. d4 d5 3. Nc3 Bb4 4. e5 c5 5. a3 Bxc3+ 6. bxc3 Ne7 7. Nf3 Bd7 8.
Bd3 Ba4 9. h4 Qc7 10. O-O Nd7 11. h5 h6 12. Re1 O-O-O 13. Bf4 Kb8 14. Ra2
Rc8 15. Qa1 Nb6 16. Nd2 f5 17. Rb1 cxd4 18. cxd4 g5 19. hxg6 Nxg6 20. Bh2
Rhg8 21. Kf1 Qe7 22. Rb4 Qh4 23. Nf3 Qg4 24. Qc1 Ne7 25. Qxh6 Qxg2+ 26. Ke2
Bd7 27. Bf4 Nc6 28. Rb1 Na4 29. Ke3 Nc3 30. Rg1 Qxf3+ 31. Kxf3 Rxg1 32. Rb2
Nxd4+ 33. Ke3 Nd1+ 34. Kxd4 Nxb2 35. Bd2 Nc4 36. Bb4 Rg4+ 37. f4 a5 38.
Bd6+ Ka7 39. Be2 Rg2 40. Bd3 Rg4 41. Be2 Rg2 42. Bd3 Nd2 43. Ke3 Rcg8 44.
Qh7 R8g3+ 45. Kd4 Rg7 46. Qh8 Nf3+ 47. Kc3 Rg8 48. Qh3 d4+ 49. Kb3 Bc6 50.
Qh7 R2g7 51. Qh6 Bd5+ 52. Kb2 b6 53. a4 Ne1 54. Be2 Rg2 55. Qh7+ Bb7 56.
Kb1 Rc8 57. Bd3 Nxd3 58. cxd3 Rc3 0-1

[Event "Bundesliga 2008-9"]
[Site "Kreuzberg GER"]
[Date "2008.10.26"]
[Round "4"]
[White "Maksimenko,A"]
[Black "Ftacnik,L"]
[Result "1/2-1/2"]
[WhiteElo "2536"]
[BlackElo "2571"]
[EventDate "2008.10.03"]

1. Nf3 Nf6 2. c4 c5 3. Nc3 e6 4. g3 b6 5. Bg2 Bb7 6. O-O Be7 7. d4 cxd4 8.
Qxd4 d6 9. Bg5 a6 10. Bxf6 Bxf6 11. Qf4 O-O 12. Rfd1 Be7 13. Ne4 Bxe4 14.
Qxe4 Ra7 15. Nd4 Rc7 16. b3 Rc5 17. a4 Qc7 18. Ra2 d5 19. cxd5 Rxd5 20.
Rad2 Rd6 21. e3 Qd7 22. Bf1 Rd8 23. Nf3 Rxd2 24. Rxd2 Qa7 25. Rxd8+ Bxd8
26. h4 g6 27. h5 Bf6 28. h6 Nd7 29. Nd4 e5 30. Nc6 Qc7 31. Qf3 Bg5 32. Bxa6
Nf6 33. Bb5 e4 34. Qe2 Bxh6 35. b4 Nd5 36. Qc4 Nxe3 37. Qxe4 Nf5 38. a5
bxa5 39. bxa5 Bf8 40. Kg2 Bc5 41. a6 h5 42. Bd3 Qd7 43. Bc4 Kf8 44. Ne5 Qd2
45. Qe2 Qxe2 46. Bxe2 Kg7 47. Bb5 Nd6 48. Bd7 f6 49. Nc6 Nb5 50. f4 Bb6 51.
Ne7 Na7 52. Be8 Kf8 53. Nd5 Kxe8 54. Nxb6 Ke7 55. Kh3 Kd6 56. Kh4 Kc6 57.
Nc4 Nb5 58. Ne3 Nc3 59. f5 gxf5 60. Nxf5 1/2-1/2

[Event "Bundesliga 2008-9"]
[Site "Kreuzberg GER"]
[Date "2008.10.26"]
[Round "4"]
[White "Hansen,SuB"]
[Black "Luther,T"]
[Result "1-0"]
[WhiteElo "2543"]
[BlackElo "2532"]
[EventDate "2008.10.03"]

1. e4 e6 2. d4 d5 3. Nd2 c5 4. Ngf3 cxd4 5. Nxd4 Nc6 6. Bb5 Bd7 7. Nxc6
bxc6 8. Bd3 Bd6 9. Qe2 Qb8 10. g3 Nf6 11. O-O O-O 12. c4 Re8 13. b3 e5 14.
Bb2 a5 15. cxd5 cxd5 16. Rfc1 a4 17. exd5 a3 18. Bc3 e4 19. Bc4 e3 20. fxe3
Bc5 21. Nf1 Ne4 22. Qh5 g6 23. Qf3 Nxc3 24. Rxc3 Qe5 25. Rac1 Bb4 26. R3c2
Ra7 27. Qf4 Bf5 28. Rf2 Qe7 29. Bb5 Bd6 30. Qd4 Rb8 31. Bc6 Be5 32. Qd1 Rd8
33. Rc4 Qg5 34. e4 Bh3 35. Qd2 Qe7 36. Qh6 Bxf1 37. Rxf1 Bd6 38. Kg2 Qe5
39. Rf2 Rb8 40. Qf4 Qe7 41. Qf6 Qxf6 42. Rxf6 Be7 43. e5 Bxf6 44. exf6 h5
45. b4 Kh7 46. Kf3 g5 47. Ke4 Kg6 48. Ke5 g4 49. b5 Rc7 50. d6 Rcc8 51. d7
Rh8 52. Rf4 Kg5 53. Kd6 h4 54. Kc7 1-0

[Event "Bundesliga 2008-9"]
[Site "Kreuzberg GER"]
[Date "2008.10.26"]
[Round "4"]
[White "Shengelia,D"]
[Black "Mueller,Kar"]
[Result "0-1"]
[WhiteElo "2547"]
[BlackElo "2517"]
[EventDate "2008.10.03"]

1. d4 Nf6 2. c4 c5 3. d5 e6 4. Nc3 exd5 5. cxd5 d6 6. Nf3 g6 7. Qa4+ Bd7 8.
Qb3 Qc7 9. e4 Bg7 10. Bc4 O-O 11. O-O a6 12. a4 Bg4 13. Nd2 g5 14. e5 dxe5
15. Nde4 Nxe4 16. Nxe4 h6 17. h4 gxh4 18. Bxh6 Bxh6 19. Nf6+ Kg7 20. Nxg4
Nd7 21. Nxh6 Kxh6 22. d6 Qxd6 23. Rfd1 Qe7 24. Qxb7 Rad8 25. Rd2 h3 26. Ra3
h2+ 27. Kh1 e4 28. Rh3+ Kg7 29. Rg3+ Kh8 30. Qc7 Rg8 31. Rh3+ Kg7 32. Qf4
Qf6 33. Qxe4 Rde8 34. Rg3+ Kh6 35. Rh3+ Kg7 36. Qg4+ Kf8 37. Qxd7 Re1+ 38.
Kxh2 Qf4+ 39. g3 Qxc4 40. Qd6+ Re7 41. Qh6+ 0-1

[Event "Bundesliga 2008-9"]
[Site "Kreuzberg GER"]
[Date "2008.10.26"]
[Round "4"]
[White "Heinemann,T"]
[Black "Schilow,W"]
[Result "0-1"]
[WhiteElo "2490"]
[BlackElo "2410"]
[EventDate "2008.10.03"]

1. e4 e6 2. d4 d5 3. Nd2 Nf6 4. e5 Nfd7 5. Bd3 c5 6. c3 Nc6 7. Ne2 a5 8.
O-O a4 9. a3 cxd4 10. cxd4 Nb6 11. Bc2 Bd7 12. Rb1 Be7 13. Nf3 Na5 14. Nc3
Nac4 15. g3 Bc6 16. Re1 h6 17. Re2 Qd7 18. Ne1 Nc8 19. Nd3 b5 20. Na2 Qa7
21. Nf4 Bd7 22. Nh5 g6 23. Nf4 Bf8 24. Nb4 Ne7 25. Re1 Bg7 26. h4 Nc6 27.
Nxc6 Bxc6 28. b3 axb3 29. Rxb3 Bf8 30. Qg4 h5 31. Qd1 Bxa3 32. Nxg6 fxg6
33. Bxg6+ Kd7 34. Bxa3 Nxa3 35. Qf3 Rhf8 36. Qxh5 Qxd4 37. Rf3 Rxf3 38.
Qxf3 Kc7 39. Qf7+ Bd7 40. h5 Nc4 41. Qf6 Ra1 42. Bb1 Qc3 43. Kf1 Rxb1 44.
Rxb1 Qd3+ 45. Kg2 Qxb1 46. h6 Qe4+ 47. Kg1 Nxe5 0-1

[Event "Bundesliga 2008-9"]
[Site "Kreuzberg GER"]
[Date "2008.10.26"]
[Round "4"]
[White "Richter,Mic"]
[Black "Huschenbeth,N"]
[Result "0-1"]
[WhiteElo "2421"]
[BlackElo "2417"]
[EventDate "2008.10.03"]

1. d4 Nf6 2. c4 g6 3. Nc3 Bg7 4. e4 d6 5. Nf3 O-O 6. Be2 e5 7. d5 a5 8. Bg5
Na6 9. O-O h6 10. Be3 Ng4 11. Bd2 f5 12. Ne1 Nf6 13. f3 f4 14. a3 Nc5 15.
Rb1 a4 16. Nd3 Nb3 17. Be1 Bd7 18. Bf2 b6 19. Nb4 Nc5 20. Nc6 Qe8 21. Bxc5
bxc5 22. Nxa4 g5 23. Nc3 h5 24. h3 g4 25. fxg4 hxg4 26. hxg4 Bh6 27. Bf3
Rf7 28. Kf2 Rg7 29. Rh1 Qg6 30. Qg1 Nxg4+ 31. Ke2 Ne3 32. Qh2 Kh7 33. Kd3
Rag8 34. Rbg1 Qf6 35. a4 Rg3 36. a5 Bc8 37. Ne7 Ba6 38. Nxg8 Bxc4+ 39. Kd2
Rxg8 40. Qh4 Qg7 41. g4 Qg5 42. Qxg5 Rxg5 43. Rh5 Nf1+ 44. Rxf1 Bxf1 45.
Rxg5 0-1

[Event "Bundesliga 2008-9"]
[Site "Kreuzberg GER"]
[Date "2008.10.26"]
[Round "4"]
[White "Sebastian,D"]
[Black "Kalinitschew,S"]
[Result "1/2-1/2"]
[WhiteElo "2432"]
[BlackElo "2492"]
[EventDate "2008.10.03"]

1. e4 c5 2. Nf3 Nc6 3. Nc3 Nf6 4. d4 cxd4 5. Nxd4 e5 6. Ndb5 d6 7. Nd5 Nxd5
8. exd5 Nb8 9. a4 a6 10. Na3 Bf5 11. Be2 Be7 12. O-O O-O 13. Nc4 Nd7 14. a5
Bg6 15. c3 Rc8 16. Be3 f5 17. f4 exf4 18. Bxf4 Nf6 19. Nb6 Rc7 20. Bf3 Ne4
21. Bxe4 fxe4 22. Qg4 Bf5 23. Qg3 Bh4 24. Qe3 Rcf7 25. Nc4 Be7 26. Qb6 Qd7
27. Bg3 h5 28. Nxd6 Bxd6 29. Qxd6 Qxd6 30. Bxd6 Rd8 31. Bc5 Rxd5 32. Bd4
Bd7 1/2-1/2

[Event "Bundesliga 2008-9"]
[Site "Remagen GER"]
[Date "2008.10.25"]
[Round "3"]
[White "Landa,K"]
[Black "Fedorchuk,S"]
[Result "1-0"]
[WhiteElo "2613"]
[BlackElo "2603"]
[EventDate "2008.10.03"]

1. d4 Nf6 2. c4 e6 3. g3 Bb4+ 4. Bd2 Be7 5. Bg2 d5 6. Nf3 O-O 7. O-O c6 8.
Qc2 b6 9. Rd1 Bb7 10. Bf4 Nbd7 11. Nc3 dxc4 12. Nd2 Nd5 13. Nxc4 Nxf4 14.
gxf4 Nf6 15. Ne5 Qc8 16. Ne4 c5 17. dxc5 bxc5 18. Rac1 Bxe4 19. Bxe4 Nxe4
20. Qxe4 Rb8 21. b3 Qa6 22. Nc6 Rb7 23. Rd2 Qa3 24. Rc4 g6 25. Ne5 Qa6 26.
Ra4 Qb5 27. Qc6 Qb6 28. Ra6 Qb4 29. Nc4 Rfb8 30. Rd1 Qc3 31. Qe4 Bf6 32. e3
Qb4 33. Kg2 Rc7 34. Rad6 Qb5 35. Ne5 Bxe5 36. Rd8+ Rxd8 37. Rxd8+ Kg7 38.
Qxe5+ Kh6 39. Qg5+ Kg7 40. Qe5+ Kh6 41. Qxc7 Qe2 42. Qxc5 1-0

[Event "Bundesliga 2008-9"]
[Site "Remagen GER"]
[Date "2008.10.25"]
[Round "3"]
[White "Gharamian,T"]
[Black "Fridman,D2"]
[Result "1/2-1/2"]
[WhiteElo "2555"]
[BlackElo "2630"]
[EventDate "2008.10.03"]

1. e4 e5 2. Nf3 Nf6 3. Nxe5 d6 4. Nf3 Nxe4 5. d4 d5 6. Bd3 Nc6 7. O-O Be7
8. c4 Nb4 9. Be2 O-O 10. Nc3 Bf5 11. a3 Nxc3 12. bxc3 Nc6 13. Re1 Re8 14.
cxd5 Qxd5 15. Bf4 Rac8 16. h3 h6 17. Nd2 Na5 18. Nf1 Qb3 19. Ne3 Qxd1 20.
Bxd1 Bd7 21. Nd5 Bd6 22. Bg4 Bxg4 23. Bxd6 cxd6 24. hxg4 1/2-1/2

[Event "Bundesliga 2008-9"]
[Site "Remagen GER"]
[Date "2008.10.25"]
[Round "3"]
[White "Potkin,V"]
[Black "Dgebuadze,A"]
[Result "0-1"]
[WhiteElo "2613"]
[BlackElo "2544"]
[EventDate "2008.10.03"]

1. e4 e6 2. d4 d5 3. Nc3 Bb4 4. e5 c5 5. a3 Bxc3+ 6. bxc3 Ne7 7. Qg4 O-O 8.
Bd3 Nbc6 9. Qh5 Ng6 10. Nf3 Qc7 11. Be3 c4 12. Bxg6 fxg6 13. Qg4 Bd7 14. h4
Rf5 15. h5 gxh5 16. Rxh5 Rxh5 17. Qxh5 Be8 18. Qh3 Nd8 19. Bg5 Bf7 20. Kd2
Qd7 21. Nh4 Qe8 22. g4 Bg6 23. a4 Rb8 24. Rh1 Nc6 25. Rb1 Na5 26. Rb5 b6
27. f4 Be4 28. f5 Rb7 29. Qf1 Qf8 30. Qb1 Nb3+ 31. Ke3 a6 32. Rb4 exf5 33.
gxf5 Bxf5 34. Qb2 Be4 35. cxb3 Qf1 36. e6 Qg1+ 37. Kf4 h6 38. Bd8 g5+ 39.
Ke5 Qg3+ 0-1

[Event "Bundesliga 2008-9"]
[Site "Remagen GER"]
[Date "2008.10.25"]
[Round "3"]
[White "Degraeve,JM"]
[Black "Golod,V"]
[Result "1/2-1/2"]
[WhiteElo "2544"]
[BlackElo "2584"]
[EventDate "2008.10.03"]

1. e4 e5 2. Nf3 Nc6 3. Bc4 Nf6 4. d3 Be7 5. O-O O-O 6. Re1 d6 7. a4 h6 8.
a5 a6 9. Nc3 Nh7 10. d4 Ng5 11. dxe5 Nxf3+ 12. Qxf3 Nxe5 13. Qe2 Bg4 14. f3
Nxc4 15. Qxc4 Be6 16. Qd3 Bf6 17. Be3 1/2-1/2

[Event "Bundesliga 2008-9"]
[Site "Remagen GER"]
[Date "2008.10.25"]
[Round "3"]
[White "Grigoriants,S RUS"]
[Black "Mainka,R"]
[Result "1/2-1/2"]
[WhiteElo "2565"]
[BlackElo "2482"]
[EventDate "2008.10.03"]

1. e4 c5 2. Nf3 e6 3. d4 cxd4 4. Nxd4 Nc6 5. Nc3 a6 6. Nxc6 bxc6 7. Bd3 d5
8. O-O Nf6 9. Qf3 Be7 10. Qg3 O-O 11. Bh6 Ne8 12. Bf4 a5 13. Na4 Ba6 14.
Rfd1 Bb5 15. Bxb5 cxb5 16. Nc3 b4 17. Na4 Rc8 18. exd5 exd5 19. Rd2 Rc6 20.
Rad1 Nf6 21. Be5 1/2-1/2

[Event "Bundesliga 2008-9"]
[Site "Remagen GER"]
[Date "2008.10.25"]
[Round "3"]
[White "Popovic,Pe"]
[Black "Levin,F"]
[Result "1/2-1/2"]
[WhiteElo "2489"]
[BlackElo "2536"]
[EventDate "2008.10.03"]

1. e4 c6 2. d3 d5 3. Nd2 g6 4. g3 Bg7 5. Bg2 e5 6. Ngf3 Ne7 7. O-O O-O 8.
c3 dxe4 9. dxe4 Qc7 10. b4 Rd8 11. Qe2 Nd7 12. a4 b6 13. Ba3 Nf8 14. Nb3
Ne6 15. Rfd1 Bb7 16. a5 Rxd1+ 17. Rxd1 Rd8 18. Rxd8+ Qxd8 19. c4 Qc7 20. c5
bxc5 21. bxc5 Qd8 22. Bb2 f6 23. Bf1 Nc7 24. Qc4+ Kf8 25. Qc2 Bc8 26. Nbd2
Be6 27. Bc4 Qd7 28. Qb3 Bxc4 29. Nxc4 Nb5 30. Nd6 Nc8 31. Ba3 a6 32. Nd2
Nxa3 33. Qxa3 Ke7 34. Nxc8+ Qxc8 35. Nc4 Qb8 36. Nd6 Qb1+ 37. Kg2 Bf8 38.
Qc3 Kd7 39. Qd2 Ke6 40. h4 h5 41. Kh2 Be7 42. Kg2 Bf8 43. f3 Be7 44. g4
hxg4 45. fxg4 Bxd6 46. Qxd6+ Kf7 47. Qd7+ Kf8 48. Qd8+ Kf7 1/2-1/2

[Event "Bundesliga 2008-9"]
[Site "Remagen GER"]
[Date "2008.10.25"]
[Round "3"]
[White "Berelowitsch,A"]
[Black "Swinkels,R"]
[Result "1-0"]
[WhiteElo "2576"]
[BlackElo "2451"]
[EventDate "2008.10.03"]

1. e4 c5 2. Nf3 e6 3. d4 cxd4 4. Nxd4 Nc6 5. Nc3 Qc7 6. g3 a6 7. Bg2 d6 8.
O-O Bd7 9. Re1 Be7 10. a4 Nf6 11. b3 Rc8 12. Bb2 O-O 13. Qd2 Rfd8 14. Nde2
Nb4 15. Rac1 Qb6 16. Nf4 h6 17. h3 Bc6 18. Ncd5 Bxd5 19. exd5 e5 20. a5 Qc7
21. Qxb4 exf4 22. Qxf4 Nh7 23. Be4 Bg5 24. Bxh7+ Kxh7 25. Qd4 f5 26. Rb1
Bf6 27. Qf4 Bxb2 28. Rxb2 Qxa5 29. Qxf5+ Kh8 30. b4 Qb6 31. Qd3 Rf8 32. c3
a5 33. Re7 Rf6 34. Re6 Rcf8 35. Rxf6 Rxf6 36. Re2 Rf8 37. bxa5 Qxa5 38. Qd4
Qc7 39. Re6 Kg8 40. c4 Rc8 41. Qe4 Qc5 42. Kg2 Rf8 43. f4 b5 44. Re8 Rxe8
45. Qxe8+ Kh7 46. Qxb5 Qe3 47. Qb1+ g6 48. Qb7+ Kg8 49. Qc8+ Kg7 50. Qd7+
Kh8 51. Qe6 Qd2+ 52. Kf3 Qd3+ 53. Kf2 Qd4+ 54. Qe3 Qxc4 55. Qe8+ Kg7 56.
Qe7+ Kg8 57. Qxd6 Qd3 58. Qe6+ Kg7 59. Qe2 Qd4+ 60. Qe3 Qd1 61. g4 Kh7 62.
f5 gxf5 63. Qe7+ Kg8 64. Qe6+ Kg7 65. Qe5+ Kg8 66. Qxf5 Qd2+ 67. Kf3 Qc3+
68. Ke4 Qxh3 69. d6 Qg2+ 70. Ke5 Qg3+ 71. Ke6 Qe3+ 72. Qe5 Qf3 73. Qd5
Qxg4+ 74. Kf6+ Kh8 75. d7 Qg7+ 76. Ke6 Qg8+ 77. Kd6 Qb8+ 78. Ke7 Qa7 79.
Qe5+ Kg8 80. Qe6+ Kg7 81. Qf6+ Kh7 82. Qf7+ Kh8 83. Ke8 Qa4 84. Qf6+ Kh7
85. Qe6 Kg7 86. Qe5+ Kg8 87. Ke7 Qb4+ 88. Qd6 Qh4+ 89. Ke8 Qe4+ 90. Kd8
Qa8+ 91. Ke7 Qf8+ 92. Ke6 Qf7+ 93. Ke5 Qh5+ 94. Kd4 Qh4+ 95. Kd5 Qd8 96.
Ke6 h5 97. Kf5 Kf7 98. Qe6+ 1-0

[Event "Bundesliga 2008-9"]
[Site "Remagen GER"]
[Date "2008.10.25"]
[Round "3"]
[White "Boidman,Y"]
[Black "Schebler,G"]
[Result "1/2-1/2"]
[WhiteElo "2415"]
[BlackElo "2467"]
[EventDate "2008.10.03"]

1. e4 c5 2. Nf3 g6 3. d4 cxd4 4. Qxd4 Nf6 5. Bb5 Nc6 6. Qa4 Bg7 7. Nc3 O-O
8. e5 Ne8 9. Bf4 Nc7 10. Rd1 Nxb5 11. Qxb5 Qb6 12. Qxb6 axb6 13. O-O f6 14.
exf6 Bxf6 15. Bh6 Bxc3 16. Bxf8 Bxb2 17. Bh6 d6 18. c4 Be6 19. Rd2 Bf6 20.
Rb1 1/2-1/2

[Event "Bundesliga 2008-9"]
[Site "Remagen GER"]
[Date "2008.10.25"]
[Round "3"]
[White "Motylev,A"]
[Black "Parligras,M"]
[Result "1-0"]
[WhiteElo "2672"]
[BlackElo "2611"]
[EventDate "2008.10.03"]

1. e4 c5 2. Nf3 e6 3. d4 cxd4 4. Nxd4 Nf6 5. Nc3 Nc6 6. Nxc6 bxc6 7. e5 Nd5
8. Ne4 Bb7 9. Be2 c5 10. O-O Qc7 11. c4 Ne3 12. Bxe3 Bxe4 13. Bf4 Qb7 14.
f3 Bg6 15. b3 Be7 16. Bd3 Bxd3 17. Qxd3 O-O 18. Rad1 Rfd8 19. Qe3 a5 20. a4
Qc7 21. Rd3 Rab8 22. Rfd1 Rb7 23. Qd2 Kf8 24. Bg3 Kg8 25. h4 h5 26. Kh2 Ra7
27. Kh3 Qc6 28. Bf4 Kh7 29. Qc2 Kg8 30. Qd2 Kh7 31. Bg5 f6 32. Qc2 Kh8 33.
exf6 gxf6 34. Rd6 Qc8 35. Qg6 fxg5 36. hxg5 Bf8 37. Qxh5+ Kg8 38. g6 Bg7
39. Qh7+ Kf8 40. Qh4 e5 41. Rf6+ Ke8 42. Rdd6 1-0

[Event "Bundesliga 2008-9"]
[Site "Remagen GER"]
[Date "2008.10.25"]
[Round "3"]
[White "Bobras,P"]
[Black "Postny,E"]
[Result "0-1"]
[WhiteElo "2565"]
[BlackElo "2674"]
[EventDate "2008.10.03"]

1. e4 e5 2. Nf3 Nc6 3. Bb5 a6 4. Ba4 Nf6 5. O-O Be7 6. Re1 b5 7. Bb3 d6 8.
c3 O-O 9. h3 Nd7 10. d4 Nb6 11. Nbd2 Bf6 12. Nf1 Re8 13. Ng3 g6 14. Bh6 Na5
15. Bc2 c5 16. b3 Nc6 17. d5 Na5 18. Qd2 Nb7 19. h4 Qe7 20. h5 Bd7 21. Nf1
Bg7 22. Bxg7 Kxg7 23. Ne3 f6 24. g3 Nd8 25. Nh4 Nf7 26. Kg2 Nh6 27. hxg6
hxg6 28. Rh1 Rh8 29. f4 Be8 30. f5 g5 31. Ng6 Bxg6 32. fxg6 Kxg6 33. Qe2
Qd7 34. Raf1 Raf8 35. Rh5 Ng4 36. Nxg4 Rxh5 37. Bd1 Rh7 38. Rf5 Nc8 39. Qd2
Kg7 40. Rf1 Ne7 41. Nf2 Rfh8 42. Bg4 Rh2+ 43. Kf3 Qe8 44. Qd3 Ng8 45. a4
Nh6 46. Be6 g4+ 47. Ke2 Qb8 48. axb5 Qxb5 49. c4 Qa5 50. Rd1 Rb8 51. Qc2
Rg2 52. Rd3 Rg1 53. Qd2 Qa1 54. Nd1 Rg2+ 55. Nf2 Qb1 56. Qe3 Qc2+ 0-1

[Event "Bundesliga 2008-9"]
[Site "Remagen GER"]
[Date "2008.10.25"]
[Round "3"]
[White "Laznicka,V"]
[Black "Cyborowski,L"]
[Result "0-1"]
[WhiteElo "2591"]
[BlackElo "2504"]
[EventDate "2008.10.03"]

1. d4 Nf6 2. Bg5 d6 3. Bxf6 exf6 4. e3 g6 5. g3 Bg7 6. Bg2 f5 7. Ne2 Nd7 8.
c4 O-O 9. Nbc3 Nf6 10. Qd3 Re8 11. b4 h5 12. O-O h4 13. b5 Ng4 14. Rfe1 Rb8
15. Rab1 Bd7 16. Nd5 c6 17. Nb4 Rc8 0-1